| 000 | 00619nam a22001937a 4500 | ||
|---|---|---|---|
| 005 | 20130913110821.0 | ||
| 010 | _aENG-107775 | ||
| 020 |
_a9789381523728 _c995.00 |
||
| 035 | _aEN-91308 | ||
| 037 | _bDBAD/PUB | ||
| 082 | _a720.9545 | ||
| 100 | _aGupta, Subhadra Sen | ||
| 245 |
_aFatehpur Sikri : _cby Subhadra Sen Gupta _bAkbar's magnificent city on a Hill / |
||
| 260 |
_aNew Delhi _bNiyogi Books _c2013 |
||
| 270 |
_aD-78, Okhla Industrial Area, Phase-I _bNew Delhi _e110020 |
||
| 300 |
_a244p. : _c24cm(Hb) _bill.(chiefly col.) |
||
| 500 | _aIncludes index | ||
| 942 |
_2ddc _cEN _mGUP _h720.9545 |
||
| 999 |
_c77014 _d77014 |
||